Comparison of the European and U.S capital markets

Bibliographic Details
Main Author: Otgongerel Zayasaikhan
Other Authors: Vallyon Dr. Andrea
Format: Thesis
Kulcsszavak:Tőzsde
Összehasonlító elemzés
Nagy-Britannia
Európa
USA
Online Access:http://dolgozattar.uni-bge.hu/13857

MARC

LEADER 00000nta a2200000 i 4500
001 dolg13857
005 20180620133516.0
008 171211suuuu hu om 000 eng d
040 |a BGE Dolgozattár Repozitórium  |b hun 
041 |a en 
100 1 |a Otgongerel Zayasaikhan 
245 1 0 |a Comparison of the European and U.S capital markets   |c Otgongerel Zayasaikhan  |h [elektronikus dokumentum] 
246 1 1 |a Comparison of the European and U.S capital markets  
695 |a Tőzsde 
695 |a Összehasonlító elemzés 
695 |a Nagy-Britannia 
695 |a Európa 
695 |a USA 
700 1 |a Vallyon Dr. Andrea  |e ths 
856 4 0 |u http://dolgozattar.uni-bge.hu/13857/1/Dissertation%20Otgongerel.pdf  |z Dokumentum-elérés